| 000 | 01281nam0a2200277 4500 | ||
|---|---|---|---|
| 001 | RU\NLR\bibl\1917407 | ||
| 005 | 20260406082127.0 | ||
| 035 | _a(NLR Aleph) 001906893 | ||
| 090 |
_a3123000 _c3123000 |
||
| 100 | _a20120625d1999 |||y0rusy50 ca | ||
| 101 | 1 |
_arus _cger |
|
| 102 | _aRU | ||
| 105 | _aa ||||||||| | ||
| 200 | 1 |
_aМысли и афоризмы М. Сафира (1795 - 1858) _fсост., предисл. и послесл. Л.Л. Крайнова-Рытова _gпер. с нем. [П.И. Венберга _gхудож.: Дмитрий Мезенцев] |
|
| 210 |
_aНижний Новгород _aСанкт-Петербург _cиздание Я. Бермана _cФ.-М. _d1999 |
||
| 215 |
_a96 с. _cил. _d20 |
||
| 316 |
_aС автогр. сост. _5NLR |
||
| 686 | _aШ6(4А)57-4{Лх1346-45} | ||
| 700 | 1 |
_4070 _8rus _7ca _aСафир _bМ. Г. _f1795-1858 _gМориц Готлиб _3RU\NLR\auth\7754115 _937047 |
|
| 702 | 1 |
_4730 _8rus _7ca _aВейнберг _bП. И. _f1831-1908 _gПетр Исаевич _3RU\NLR\auth\7746949 _929884 |
|
| 702 | 1 |
_4040 _8rus _7ca _aМезенцев _bД. _cхудожник _gДмитрий _3RU\NLR\auth\77103748 _986673 |
|
| 801 | 0 |
_aRU _bNLR _c20120625 _gRCR |
|
| 801 | 1 |
_aRU _bNLR _c20120625 |
|
| 942 | _cBOOK | ||
| 980 | _aNB | ||